000 00305nam a22001337a 4500
008 180227b xxu||||| |||| 00| 0 eng d
020 _a9781285131023
041 _aeng
080 _a37
100 _a25
101 _aEDU
245 _aMultimodal communication fundamentals
_cSellnow,D
942 _2udc
_cBK
999 _c43599
_d43599